Performing socialist Hungary in China: ‘modern, Magyar, European’
| Titel: | Performing socialist Hungary in China: ‘modern, Magyar, European’ / József Böröcz |
|---|---|
| Verfasser: | |
| In: |
Cold war history, Band 18, Heft 3 (2018), Seite 257-274 alle Artikel anzeigen |
| Veröffentlicht: | 2018 |
| Format: | Aufsatz |
| Sprache: | Englisch |
X
alg: 50639395 001A $03025:29-03-23 001B $01999:29-03-23 $t22:37:32.000 001D $03025:29-03-23 001U $0utf8 001X $00 002@ $0Oou 002C $aText $btxt $2rdacontent 002D $aComputermedien $bc $2rdamedia 002E $aOnline-Ressource $bcr $2rdacarrier 003@ $050639395X 007A $050639395X $aHEB 009Q $uhttps://doi.org/10.1080/14682745.2018.1425293 $xH 010@ $aeng 010E $erda 011@ $a2018 021A $aPerforming socialist Hungary in China: ‘modern, Magyar, European’ $hJózsef Böröcz 028A $BVerfasser $4aut $7139153454 $8Böröcz, József$Z1956- [Tp3] $9215624343 031A $d18 $e3 $h257-274 $j2018 039B $aEnthalten in $8--Obvc--. Cold war history. - London : Cass, 2000-. - Online-Ressource. - ISSN 1743-7962 $x201800000180003743 $9104512997 044K $RÖsterreich-Ungarn $#Ungarn $#Ungarn $#Ungarische Räterepublik $#Königreich Ungarn $#Die @Länder der ungarischen Krone $#Transleithanien $#Magyarország $#Magyar Köztársaság $#Magyar Tanácsköztársaság $#Government of the Hungarian Republic $#Zemalja Ugarske Krune $#VNR $#Ungern $#Ungarische Republik $#Republik Ungarn $#Ungarische Volksrepublik $#Volksrepublik Ungarn $#Magyar Népköztársaság $#Hungary $#Hungarian Republic $#Hongrie $#Vengerskaja Narodnaja Respublika $#Hungarian People's Republic $#HPR Hungarian People's Republic $#République Populaire Hongroise $#Ungarische VR $#Republic of Hungary $#Vengrija $74078541-5 $8Ungarn [Tgz] $9085222712 044K $RTaiwan $#中国 $#中國 $#Rotchina $#Zhongguo Diguo $#Zhongguo-Diguo $#Kaiserreich Zhongguo $#Zhongguo Volksrepublik $#Chung-kuo Renmin-Gongheguo $#Zhonghua-minguo 1911-1949 $#Chung-hua-min-kuo 1911-1949 $#China Renmin-Gongheguo $#Zhonghua-Renmin-Gongheguo $#Kaiserreich China $#China Diguo $#PRC $#Zhongguo Renmin-Gongheguo $#Shinkoku $#Chung-hua-jen-min-kung-ho-kuo $#Zhonghua Renmin-Gongheguo $#Zhongguo $#China Volksrepublik $#Volksrepublik China $#Zhongguo $#VR China $#China People's Republic $#People's Republic of China $#Zhong guo $#PRC People's Republic of China $#Zhonghua renmin gongheguo $#République populaire de Chine $#Chung-kuo kuo min cheng fu $#China Republic : 1912-1949 $#Chine $#KNR Kytajsʹkaja Narodnaja Respublika $#Zhongguo renmin gongheguo $#Chinese People's Republic $#Kytajsʹkaja Narodnaja Respublika $#Chinese People’s Republic $#Republic of China 1912-1949 $#Chung-hua min kuo 1912-1949 $#Chung-kuo $#中华人民共和国 $74009937-4 $8China [Tg1] $908501933X 044K $RSozialismus $#Staatssozialismus $74182676-0 $8Staatssozialismus [Ts1] $908587972X 044K $RBlas- und Bläsermusik $RFunktionale Musik $RSignalmusik $RMusik $RMilitärmusiker $#Military music $#Musique militaire $#Música militar $#Militär Musik $74039344-6 $8Militärmusik [Ts1] $9085107212 045F $a900.943909045 $eDDC23BSB 045F/01 $a900 045F/03 $f09045 045F/03 $g439 045F/03 $g51 045R $aGeschichte 1956 lok: 50639395 78 exp: 50639395 78 1 #EPN 201B/01 $029-03-23 $t16:26:20.000 201C/01 $029-03-23 201U/01 $0utf8 203@/01 $01230201254 208@/01 $a29-03-23 $be 209A/01 $a/ $f000 $x00 209A/01 $ab*p $x01 220C/01 $apgar 244Z/01 $#Ungarn $#Ungarn $#Ungarische Räterepublik $#Königreich Ungarn $#Die @Länder der ungarischen Krone $#Transleithanien $#Magyarország $#Magyar Köztársaság $#Magyar Tanácsköztársaság $#Government of the Hungarian Republic $#Zemalja Ugarske Krune $#VNR $#Ungern $#Ungarische Republik $#Republik Ungarn $#Ungarische Volksrepublik $#Volksrepublik Ungarn $#Magyar Népköztársaság $#Hungary $#Hungarian Republic $#Hongrie $#Vengerskaja Narodnaja Respublika $#Hungarian People's Republic $#HPR Hungarian People's Republic $#République Populaire Hongroise $#Ungarische VR $#Republic of Hungary $#Vengrija $74078541-5 $8--Tgz--Ungarn $x08 $9085222712 247C/01 $82080>Marburg/Lahn, Herder-Institut, Forschungsbibliothek, Bibliographieportal $9336309341
| LEADER | 00000caa a2200000 c 4500 | ||
|---|---|---|---|
| 001 | 50639395X | ||
| 003 | DE-603 | ||
| 005 | 20230329223732.0 | ||
| 007 | cr|||||||||||| | ||
| 008 | 230329s2018 xx |||| o| u00||u|eng c | ||
| 035 | |a (DE-599)HEB50639395X | ||
| 040 | |a DE-603 |b ger |c DE-603 |d DE-603 |e rda | ||
| 041 | |a eng | ||
| 082 | 0 | 4 | |8 1\u |a 900.943909045 |q DE-101 |2 23/BSB |
| 085 | |8 1\u |b 900 | ||
| 085 | |8 1\u |z 1 |s 09045 | ||
| 085 | |8 1\u |z 2 |s 439 | ||
| 085 | |8 1\u |z 2 |s 51 | ||
| 100 | 1 | |a Böröcz, József |d 1956- |e Verfasser |4 aut |0 (DE-603)215624343 |0 (DE-588)139153454 |2 gnd | |
| 245 | 0 | 0 | |a Performing socialist Hungary in China: ‘modern, Magyar, European’ |c József Böröcz |
| 264 | 0 | |c 2018 | |
| 336 | |a Text |b txt |2 rdacontent | ||
| 337 | |a Computermedien |b c |2 rdamedia | ||
| 338 | |a Online-Ressource |b cr |2 rdacarrier | ||
| 648 | 7 | |a Geschichte 1956 |2 gnd | |
| 650 | 7 | |a Staatssozialismus |0 (DE-588)4182676-0 |0 (DE-603)08587972X |2 gnd | |
| 650 | 7 | |a Militärmusik |0 (DE-588)4039344-6 |0 (DE-603)085107212 |2 gnd | |
| 651 | 7 | |a Ungarn |0 (DE-588)4078541-5 |0 (DE-603)085222712 |2 gnd | |
| 651 | 7 | |a China |0 (DE-588)4009937-4 |0 (DE-603)08501933X |2 gnd | |
| 773 | 0 | 8 | |i Enthalten in |t Cold war history |d London : Cass, 2000- |h Online-Ressource |x 1743-7962 |g Band 18, Heft 3 (2018), Seite 257-274 |w (DE-603)104512997 |w (DE-600)2077986-0 |
| 856 | |u https://doi.org/10.1080/14682745.2018.1425293 |x Verlag | ||
| 924 | 1 | |9 2080 |a (DE-603)1230201254 |b DE-2080 |c HES |d d |g / | |


